|
|
|
|
| LEADER |
00000nab a2200000 a 4500 |
| 001 |
vtls011117931 |
| 003 |
SK-MaSNL |
| 005 |
20260303145323.0 |
| 008 |
230222|2011 xo |||||||||||||||||eng| |
| 015 |
|
|
|a SNBRB
|
| 035 |
|
|
|a (uuid)4ebdb52d-4523-4432-bf68-21d2c604d2a2
|
| 035 |
|
|
|a (urnnbn)urn:nbn:sk:snk:ar-a08m6d
|
| 035 |
|
|
|a urn:nbn:sk:snk-ab9o94
|
| 040 |
|
|
|a SNKBUCL
|b slo
|c SNKBUCL
|e AACR2
|
| 041 |
0 |
|
|a eng
|
| 044 |
|
|
|a xo
|c SK
|
| 100 |
1 |
|
|a Freiberg, František
|4 aut
|9 43768
|
| 245 |
1 |
0 |
|a PRODUCT LIFE CYCLE COST MANAGEMENT
|c František Freiberg, Erika Sujová
|
| 246 |
3 |
|
|a RIADENIE NÁKLADOV ŽIVOTNÉHO CYKLU VÝROBKU
|
| 700 |
1 |
|
|a Sujová, Erika,
|d 1970-
|4 aut
|9 199040
|
| 773 |
0 |
|
|t Acta Facultatis technicae Zvolen : vedecký časopis Fakulty environmentálnej a výrobnej techniky
|g Roč. 16, č. 1 (2011), s. 35-43
|
| 958 |
|
|
|a OND
|
| 958 |
|
|
|a EUIPO
|
| 958 |
|
|
|a article13
|
| 999 |
|
|
|c 2002168
|d 2004098
|